| 000 | 01021cam a2200325 a 4500 | ||
|---|---|---|---|
| 001 | 14877975 | ||
| 003 | LC | ||
| 005 | 20160322100339.0 | ||
| 008 | 070604s2007 nyu d 000 1 eng | ||
| 010 | _a 2007020876 | ||
| 020 | _a9780061345661 | ||
| 040 |
_aDLC _cDLC _dDLC |
||
| 042 | _alcac | ||
| 050 | 0 | 0 |
_aPZ 7 _b.G53888Lux 2007 |
| 082 | 0 | 0 |
_aFIC _bG54l 2007 |
| 100 | 1 |
_aGodbersen, Anna. _918155 |
|
| 245 | 1 | 4 |
_aThe luxe / _cAnna Godbersen. |
| 250 | _a1st ed. | ||
| 260 |
_aNew York, NY : _bHarperCollins Publishers, _cc2007. |
||
| 300 |
_a433 p. ; _c22 cm. |
||
| 650 | 1 |
_aConduct of life _vFiction. _918156 |
|
| 650 | 1 |
_aSocial classes _vFiction. _918157 |
|
| 650 | 1 |
_aWealth _vFiction. _918158 |
|
| 650 | 1 |
_aLove _vFiction. _918159 |
|
| 651 | 1 |
_aNew York (N.Y.) _xHistory _y1898-1951 _vFiction. _918160 |
|
| 906 |
_a7 _bcbc _corignew _d1 _eecip _f20 _gy-gencatlg |
||
| 942 |
_2lcc _cBK |
||
| 999 |
_c10912 _d10912 |
||